Globalizations

Titel: Globalizations
Veröffentlicht: London ˜[u.a.]œ : Routledge, 2004-
Erscheinungsverlauf: 1.2004 -
Umfang: Online-Ressource
Format: Elektronische Zeitschrift
Sprache: Englisch
Schlagworte:
Andere Ausgaben: Erscheint auch als Druck-Ausgabe: Globalizations. - Abingdon : Routledge, Taylor & Francis Group, 2004-
ISSN: 1474-774X ; 1474-7731
Kein Bild verfügbar
X
alg: 12366287
001A    $06050:16-09-04 
001B    $06050:09-02-26 $t13:32:36.000 
001D    $06050:10-10-15 
001U    $0utf8 
001X    $00 
002@    $0Obvc 
002C    $aText $btxt $2rdacontent 
002D    $aComputermedien $bc $2rdamedia 
002E    $aOnline-Ressource $bcr $2rdacarrier 
003@    $0123662877 
003O    $0985597123 $aOCoLC 
005A    $01474-774X 
005P    $01474-7731 $Sp 
006Z    $02160612-2 
007A    $02160612-2 $aZDB 
009Q    $SV15 $uhttps://www.tandfonline.com/openurl?genre=journal&stitle=rglo20 $xH 
009Q    $uhttps://ezb.ur.de/?2160612-2 $xF 
009Q    $uhttps://www.tandfonline.com/loi/rglo20 $xH 
010@    $aeng 
011@    $a2004 $n2004- 
013D    $RPresse $RFortlaufendes Sammelwerk $#Periodicals $#Yearbooks $#Périodiques $#Annuaires $#Publicaciones periódicas $#journals $#Periodical $#Periodicals as Topic $#Zeitschrift $#Zeitschrift $#Zeitschrift $#Periodikum $#Zeitschriften $74067488-5 $8Zeitschrift [Tsz] $9085189774 
016A    $aDg 
017B    $aZDB-7-TFS 
018@    $0u 
021A    $aGlobalizations 
031@    $a1.2004 - 
031N    $d1 $6 $j2004 
033A    $pLondon {[u.a.] $nRoutledge 
034D    $aOnline-Ressource 
037A    $aGesehen am 03.09.12 
039D    $aErscheint auch als $8--Abvc--. Globalizations. - Abingdon : Routledge, Taylor & Francis Group, 2004-. - ISSN 1474-7731 $9179021834 $nDruck-Ausgabe 
045U    $e320 

lok: 12366287 3
101B    $012-06-12 $t14:15:44.000 
101C    $012-06-12 
101U    $0utf8 
145S/01 $a007 

exp: 12366287 3 1 #EPN
201B/01 $005-06-25 $t13:17:01.000 
201C/01 $012-06-12 
201U/01 $0utf8 
203@/01 $0644380675 
208@/01 $a12-06-12 $bp 
209A/01 $a/ $f900 $x00 
209S/01 $uhttps://ezb.ur.de/?2160612-2&bibid=UBFM $XF 
245G/01 $cej 
245S/01 $ane0612 $x09 
247C/01 $8601900-6 <30/900>Frankfurt, Universität Frankfurt, Elektronische Ressourcen $9210502010 

lok: 12366287 5

exp: 12366287 5 1 #EPN
201B/01 $023-04-24 $t01:58:35.870 
201C/01 $013-03-24 
201U/01 $0utf8 
203@/01 $01258203480 
208@/01 $a13-03-24 $bl 
209S/01 $uhttps://ezb.ur.de/?2160612-2&bibid=FHF $XF 

lok: 12366287 21

exp: 12366287 21 1 #EPN
201B/01 $023-04-24 $t01:58:35.873 
201C/01 $013-03-24 
201U/01 $0utf8 
203@/01 $01258203464 
208@/01 $a13-03-24 $bl 
209S/01 $uhttps://ezb.ur.de/?2160612-2&bibid=FHFD $XF 

lok: 12366287 23

exp: 12366287 23 1 #EPN
201B/01 $019-02-24 $t09:26:40.000 
201C/01 $008-09-21 
201U/01 $0utf8 
203@/01 $01167616634 
208@/01 $a02-11-21 $bp 
209A/01 $a/ $f010 $x00 
209B/01 $aTF E-Journals $x11 
209S/01 $uhttps://ezb.ur.de/?2160612-2&bibid=UBKAS $XF 
245G/01 $cej 
247C/01 $8352010-9 <34/10>Kassel, UB/LMB Kassel, Elektronische Ressourcen - Virtueller Standort, Kassel $9102599408 

lok: 12366287 25

exp: 12366287 25 1 #EPN
201B/01 $023-04-24 $t01:58:35.886 
201C/01 $013-03-24 
201U/01 $0utf8 
203@/01 $01258203499 
208@/01 $a13-03-24 $bl 
209S/01 $uhttps://ezb.ur.de/?2160612-2&bibid=UBMZ $XF 

lok: 12366287 78

exp: 12366287 78 1 #EPN
201B/01 $011-09-25 $t13:37:06.000 
201C/01 $011-09-25 
201U/01 $0utf8 
203@/01 $01317969553 
208@/01 $a11-09-25 $be 
209A/01 $a/ $f000 $x00 
209A/01 $ab*p $x01 
209A/01 $a*v 17 (2020), iss. 1-8, 1438 p. $x03 
220C/01 $apgar 
247C/01 $82080>Marburg/Lahn, Herder-Institut, Forschungsbibliothek, Bibliographieportal $9336309341 

lok: 12366287 204

exp: 12366287 204 1 #EPN
201B/01 $023-04-24 $t01:58:35.888 
201U/01 $0utf8 
203@/01 $0219418829 
208@/01 $a16-09-04 $bl 
209S/01 $uhttps://ezb.ur.de/?2160612-2&bibid=UBGIE $XF 

lok: 12366287 205

exp: 12366287 205 1 #EPN
201B/01 $023-04-24 $t01:58:35.892 
201C/01 $013-03-24 
201U/01 $0utf8 
203@/01 $01258203472 
208@/01 $a13-03-24 $bl 
209S/01 $uhttps://ezb.ur.de/?2160612-2&bibid=UBMA $XF 

exp: 12366287 205 2 #EPN
201B/02 $014-03-24 $t22:48:26.000 
201C/02 $027-07-23 
201U/02 $0utf8 
203@/02 $01240218680 
208@/02 $a27-07-23 $bp 
209A/02 $a/ $f000 $x00 
209B/02 $atandf_ssh $x05 
209S/02 $uhttp://www.bibliothek.uni-regensburg.de/ezeit/?2160612&bibid=UBMA $XF 
245G/02 $cej 
247C/02 $8351000-1 <4>Marburg, Universität Marburg, Universitätsbibliothek $9102594767
LEADER 00000cas a2200000 c 4500
001 123662877
003 DE-603
005 20260209133236.0
007 cr||||||||||||
008 040916c20049999xx u| p|o 0 |1eng c
016 7 |2 DE-600  |a 2160612-2 
022 |a 1474-774X 
035 |a (DE-599)ZDB2160612-2 
035 |a (OCoLC)985597123 
040 |a DE-603  |b ger  |c DE-603  |d DE-603 
041 |a eng 
084 |a 320  |q DE-600  |2 sdnb 
245 0 0 |a Globalizations 
264 3 1 |a London ˜[u.a.]œ  |b Routledge  |c 2004- 
300 |a Online-Ressource 
336 |a Text  |b txt  |2 rdacontent 
337 |a Computermedien  |b c  |2 rdamedia 
338 |a Online-Ressource  |b cr  |2 rdacarrier 
362 0 |a 1.2004 - 
363 0 1 |8 1.1\x  |a 1  |i 2004 
500 |a Gesehen am 03.09.12 
655 7 |a Zeitschrift  |2 gnd-content  |0 (DE-588)4067488-5  |0 (DE-603)085189774 
776 0 8 |i Erscheint auch als  |n Druck-Ausgabe  |t Globalizations  |d Abingdon : Routledge, Taylor & Francis Group, 2004-  |x 1474-7731  |w (DE-603)179021834  |w (DE-600)2239463-1 
776 1 |x 1474-7731 
856 |u https://www.tandfonline.com/openurl?genre=journal&stitle=rglo20  |x Verlag 
856 |u https://ezb.ur.de/?2160612-2  |x EZB 
856 |u https://www.tandfonline.com/loi/rglo20  |x Verlag 
912 |a ZDB-7-TFS 
924 1 |9 30/900  |a (DE-603)644380675  |b DE-30-900  |c HES  |d d  |g /  |k https://ezb.ur.de/?2160612-2&bibid=UBFM 
924 1 |9 603  |a (DE-603)1258203480  |b DE-603  |c HES  |d d 
924 1 |9 603  |a (DE-603)1258203464  |b DE-603  |c HES  |d d 
924 1 |9 34/10  |a (DE-603)1167616634  |b DE-34-10  |c HES  |d d  |g /  |k https://ezb.ur.de/?2160612-2&bibid=UBKAS 
924 1 |9 603  |a (DE-603)1258203499  |b DE-603  |c HES  |d d 
924 1 |9 2080  |a (DE-603)1317969553  |b DE-2080  |c HES  |d d  |g / 
924 1 |9 603  |a (DE-603)219418829  |b DE-603  |c HES  |d d 
924 1 |9 603  |a (DE-603)1258203472  |b DE-603  |c HES  |d d 
924 1 |9 4  |a (DE-603)1240218680  |b DE-4  |c HES  |d c  |g /  |k http://www.bibliothek.uni-regensburg.de/ezeit/?2160612&bibid=UBMA